00289nam a2200109Ia 4500008004100000041000800041082000800049100003600057245001900093260005300112300001400165231228s2008 xx 000 0 und d aeng bBOO aBOOKER (Richard)/ BOYSEN (Earl) aNanotechnology aNew DelhibWiley India Pvt. Ltd. New Delhic2008 aviii, 361